| 000 | 00574nam a2200229Ia 4500 | ||
|---|---|---|---|
| 003 | OSt | ||
| 005 | 20220918200423.0 | ||
| 006 | a|||||r|||| 00| 0 | ||
| 007 | ta | ||
| 008 | 220917b |||||||| |||| 00| 0 eng d | ||
| 024 | _a88,678 | ||
| 037 | _cTextual | ||
| 040 |
_aARTS _cARTS _beng |
||
| 041 |
_2eng _aeng |
||
| 082 | _aU21, K1 (UD) | ||
| 100 |
_aScheidegger Adrian E _993959 |
||
| 245 | 0 | _aTheoretical geomorphology | |
| 260 | _c1961 | ||
| 650 | _aMORPHOLOGY | ||
| 942 |
_hU21, K1 (UD) _cTEXL _2CC |
||
| 999 |
_c212348 _d212348 |
||